[Event "HUN-ch"]
[Site "Budapest"]
[Date "1979.??.??"]
[Round "12"]
[White "Rigo, Janos"]
[Black "Csom, Istvan"]
[Result "1/2-1/2"]
[WhiteElo "2385"]
[BlackElo "2510"]

1.e4 c5 2.Nf3 d6 3.Bb5+ Nd7 4.c4 Nf6 5.Nc3 e6 6.O-O Be7 7.Ba4 O-O 8.Bc2 Ne5
9.Nxe5 dxe5 10.b3 Nd7 11.Ne2 Nb8 12.Bb2 Nc6 13.f4 Bd7 14.fxe5 Qc7 15.d4 cxd4
16.Nxd4 Nxe5 17.Qh5 f6 18.Kh1 Rad8 19.Rad1 a6 20.a4 Bb4 21.Nf3 Nxf3 22.gxf3 e5
23.Rd5 Be6 24.Rg1 Rf7 25.Qh4 Rdd7 26.f4 Rxd5 27.exd5 Bxd5+ 28.cxd5 Qxc2 29.fxe5 fxe5
30.Bxe5 Qxb3 31.Qe4 Bf8 32.Bxg7 Bxg7 33.Rxg7+ Kxg7 34.Qg4+ Kf6 35.Qe6+ Kg5
36.Qxf7 Qd1+ 37.Kg2 Qg4+ 38.Kh1 Qe4+ 39.Kg1 Qe1+ 40.Kg2 Qe2+ 41.Kg1 Qg4+
42.Kh1  1/2-1/2

[Event "Clarin"]
[Site "Buenos Aires"]
[Date "1979.??.??"]
[Round "11"]
[White "Franco Ocampo, Zenon"]
[Black "Rubinetti, Jorge A"]
[Result "1/2-1/2"]
[WhiteElo "2360"]
[BlackElo "2430"]

1.e4 c5 2.Nf3 d6 3.Bb5+ Bd7 4.Bxd7+ Qxd7 5.O-O Nc6 6.c3 Nf6 7.d4 Nxe4 8.d5 Nd8
9.Re1 f5 10.Nbd2 Nf6 11.Nc4 b5 12.Na5 g6 13.a4 a6 14.Ng5 Bg7 15.Ne6 Nxe6
16.Rxe6 Kf7 17.Re1 Rhe8 18.Nc6 bxa4 19.Bg5 e5 20.Qxa4 Qb7 21.Na5 Qxd5 22.Nc4 Qe6
23.Rad1 Red8 24.b3 e4 25.Bf4 d5 26.Bc7 Rf8 27.Nd6+ Kg8 28.Qc6 d4 29.Qxc5 dxc3
30.Qxc3 Nd5 31.Qc4 Nxc7 32.Qxc7 Qxb3 33.Rb1 Qc3 34.Qd7 Qf6 35.Qc6 Rad8 36.Red1 Qe6
37.Rb7 e3 38.fxe3 Qxe3+ 39.Kh1 Qc3 40.Qd5+ Kh8 41.Nf7+ Rxf7 42.Qxd8+ Rf8
43.Qd6 Qc4 44.Qe7 Rg8 45.Rdb1 h5 46.h3 Qf4  1/2-1/2

[Event "BCF-ch"]
[Site "Chester"]
[Date "1979.??.??"]
[Round "5"]
[White "Short, Nigel D"]
[Black "Morrison, Graham"]
[Result "1-0"]
[WhiteElo "2260"]
[BlackElo "2220"]

1.e4 c5 2.Nf3 d6 3.Bb5+ Bd7 4.Bxd7+ Nxd7 5.c4 Ne5 6.d3 Qd7 7.O-O e6 8.Be3 Nf6
9.h3 Be7 10.Nc3 O-O 11.b3 Qc7 12.Rc1 Rac8 13.d4 Nxf3+ 14.Qxf3 cxd4 15.Bxd4 Qb8
16.Qg3 Rfe8 17.Nb5 e5 18.Bxa7 Qa8 19.Qd3 b6 20.Bxb6 Qxe4 21.Qxe4 Nxe4 22.Nc7 Rf8
23.Nd5 Bg5 24.Rc2 f5 25.Rd1 Bd8 26.f3 Ng3 27.Bf2 f4 28.Bxg3 fxg3 29.Re2 h5
30.Kf1 g5 31.Re4 Ra8 32.a4 Kf7 33.Nc3 Ke6 34.Ne2 h4 35.Nd4+ Ke7 36.c5 Kf6
37.Nc6 dxc5 38.Nxe5 Kg7 39.Rd7+ Kg8 40.Nd3 Rc8 41.Rd5  1-0

[Event "BCF-ch"]
[Site "Chester"]
[Date "1979.??.??"]
[Round "9"]
[White "Bellin, Robert"]
[Black "Nunn, John DM"]
[Result "1/2-1/2"]
[WhiteElo "2425"]
[BlackElo "2500"]

1.e4 c5 2.Nf3 d6 3.Bb5+ Nd7 4.c3 Nf6 5.Qe2 a6 6.Ba4 e5 7.O-O g6 8.d4 b5 9.Bc2 Bb7
10.a4 cxd4 11.cxd4 b4 12.a5 Qb8 13.Ba4 Bg7 14.dxe5 dxe5 15.Rd1 Qc7 16.Bd2 O-O
17.Bxd7 Nxd7 18.Bxb4 Rfd8 19.Nc3 Nf6 20.Rdc1 Rac8 21.h3 Nh5 22.Qe3 Nf4 23.Rd1 Qc4
24.Qb6 Re8 25.Nd2 Qc6 26.Qxc6 Rxc6 27.f3 Ne6 28.Nd5 Rc2 29.Bc3 Bxd5 30.exd5 Nf4
31.Kf1 Nxd5 32.Rdc1 Rxc1+  1/2-1/2

[Event "BCF-ch"]
[Site "Chester"]
[Date "1979.??.??"]
[Round "11"]
[White "Penrose, Jonathan"]
[Black "Mestel, A Jonathan"]
[Result "1/2-1/2"]
[WhiteElo "2420"]
[BlackElo "2475"]

1.e4 c5 2.Nf3 d6 3.Bb5+ Nd7 4.c3 Nf6 5.Qe2 a6 6.Ba4 e5 7.O-O Be7 8.d4 b5
9.Bc2 O-O 10.a4 Bb7 11.dxe5 dxe5 12.Rd1 Qb6 13.c4 b4 14.Nbd2 Rfe8 15.Nf1 Nf8
16.Ne3 Ne6 17.a5 Qc7 18.Nd5 Nxd5 19.cxd5 Nd4 20.Nxd4 cxd4  1/2-1/2

[Event "Copenhagen AS04"]
[Site "Copenhagen"]
[Date "1979.??.??"]
[Round "3"]
[White "Iskov, Gert"]
[Black "Larsen, Bent"]
[Result "1/2-1/2"]
[WhiteElo "2370"]
[BlackElo "2620"]

1.e4 c5 2.Nf3 d6 3.Bb5+ Nc6 4.O-O Bg4 5.h3 Bh5 6.c3 Qb6 7.Na3 a6 8.Ba4 Qc7
9.d4 b5 10.Nxb5 axb5 11.Bxb5 O-O-O 12.Qa4 Nb8 13.dxc5 Bxf3 14.gxf3 dxc5 15.Bf4 e5
16.Rfd1 Rd6 17.Bxe5 Rg6+ 18.Bg3 Rxg3+ 19.fxg3 Qxg3+ 20.Kf1 Qxf3+ 21.Kg1 Qg3+
22.Kf1 Qxh3+ 23.Ke1 Qe3+ 24.Kf1 Qh3+ 25.Ke1 Qh6 26.Qa7 Qe3+ 27.Kf1 Qf4+ 28.Kg1 Qg3+
29.Kf1 Bd6 30.Ba6+ Nxa6 31.Qxa6+ Kd7 32.e5 Qf3+  1/2-1/2

[Event "Kecskemet"]
[Site "Kecskemet"]
[Date "1979.??.??"]
[Round "1"]
[White "Janetschek, Karl"]
[Black "Groszpeter, Attila"]
[Result "1-0"]
[WhiteElo "2320"]
[BlackElo "2375"]

1.e4 c5 2.Nf3 d6 3.Bb5+ Bd7 4.Bxd7+ Nxd7 5.O-O Ngf6 6.Re1 g6 7.c4 Bg7 8.Nc3 O-O
9.d3 a6 10.h3 Ne5 11.Be3 Nfd7 12.Nxe5 Nxe5 13.f4 Nc6 14.f5 b5 15.Qd2 Rb8
16.Re2 bxc4 17.dxc4 Qa5 18.Rf1 Qb4 19.f6 Bxf6 20.Nd5 Qxc4 21.b3 Qxe4 22.Rxf6 Nb4
23.Rxd6 Rb7 24.Rd8 Qb1+ 25.Kh2 Rxd8 26.Nxe7+ Kg7 27.Bh6+  1-0

[Event "Kecskemet"]
[Site "Kecskemet"]
[Date "1979.??.??"]
[Round "8"]
[White "Cabrilo, Goran"]
[Black "Groszpeter, Attila"]
[Result "1-0"]
[WhiteElo "2320"]
[BlackElo "2375"]

1.e4 c5 2.Nf3 d6 3.Bb5+ Bd7 4.Bxd7+ Nxd7 5.O-O Ngf6 6.Qe2 g6 7.c3 Bg7 8.d4 e5
9.dxe5 dxe5 10.Bg5 h6 11.Bxf6 Qxf6 12.Rd1 Rd8 13.Na3 O-O 14.Nb5 a6 15.Nd6 Rb8
16.Nc4 Qe7 17.a4 Rfd8 18.a5 Nf8 19.Nfd2 Ne6 20.g3 h5 21.Nb6 Nc7 22.Ndc4 Qe6
23.Ne3 Qh3 24.Qf1 Qxf1+ 25.Kxf1 Ne6 26.Ke2 Rxd1 27.Rxd1 Rd8 28.Rd5 f6 29.Nec4 Bf8
30.h4 Kf7 31.Kd3 Be7 32.Ne3 Nc7 33.Rxd8 Bxd8 34.Kc4 Ke6 35.Na4 Kd6 36.Nxc5 Kc6
37.Nd5 b5+ 38.axb6 Nxd5 39.exd5+ Kxb6 40.Nd7+ Kc7 41.Nc5  1-0

[Event "Kecskemet"]
[Site "Kecskemet"]
[Date "1979.??.??"]
[Round "10"]
[White "Kormanyos, Zoltan"]
[Black "Groszpeter, Attila"]
[Result "0-1"]
[WhiteElo "2200"]
[BlackElo "2375"]

1.e4 c5 2.Nf3 d6 3.Bb5+ Nc6 4.O-O Bd7 5.d4 cxd4 6.Nxd4 Nf6 7.Nc3 e6 8.Be3 Be7
9.Qe2 O-O 10.Rad1 Qc7 11.Kh1 a6 12.Nxc6 Bxc6 13.Bxc6 Qxc6 14.Bf4 b5 15.a3 Rfd8
16.Rd3 a5 17.e5 dxe5 18.Rxd8+ Rxd8 19.Bxe5 b4 20.axb4 axb4 21.Nb5 Qe4 22.Qxe4 Nxe4
23.f3 Rd5 24.Nd4 Rxe5 25.Nc6 Ng3+ 26.hxg3 Rh5+ 27.Kg1 Bc5+ 28.Rf2 Kf8 29.Kf1 Rh1+
30.Ke2 Bxf2 31.Kxf2 b3 32.cxb3 Rb1 33.b4 Rxb2+ 34.Ke3  0-1

[Event "NLD-ch"]
[Site "Leeuwarden"]
[Date "1979.??.??"]
[Round "4"]
[White "Van der Weide, Piet"]
[Black "Van Dop, Arend J"]
[Result "1/2-1/2"]
[WhiteElo "2290"]
[BlackElo "2300"]

1.e4 c5 2.Nf3 d6 3.Bb5+ Nc6 4.O-O Bd7 5.c3 a6 6.Ba4 c4 7.Qe2 Nf6 8.Re1 Rc8
9.Bc2 e5 10.d3 cxd3 11.Bxd3 h6 12.Nbd2 Be7 13.Nc4 Be6 14.b3 Nb8 15.Bb2 Nbd7
16.Rad1 Qc7 17.Ncd2 O-O 18.Bb1 Rfe8 19.c4 Nc5 20.Nf1 Bf8 21.Nh4 Bd7 22.g3 b5
23.cxb5 Bxb5 24.Qe3 Bc6  1/2-1/2

[Event "NLD-ch"]
[Site "Leeuwarden"]
[Date "1979.??.??"]
[Round "11"]
[White "Van Dop, Arend J"]
[Black "Sosonko, Gennadi"]
[Result "1-0"]
[WhiteElo "2300"]
[BlackElo "2535"]

1.e4 c5 2.Nf3 d6 3.Bb5+ Nc6 4.O-O Bg4 5.h3 Bxf3 6.Qxf3 g6 7.c3 Bg7 8.d3 Qb6
9.Ba4 Nf6 10.Qe2 O-O 11.Nd2 Qa6 12.Bb3 b5 13.f4 b4 14.Bc4 Qb6 15.Kh2 Nd7
16.Rb1 Rab8 17.Bb3 Qc7 18.cxb4 Nd4 19.Qf2 Nxb3 20.Nxb3 Rxb4 21.Bd2 Ra4 22.Nc1 f5
23.exf5 Rxf5 24.Ne2 Rxa2 25.Nc3 Bxc3 26.Bxc3 Nb6 27.Qe2 Qd7 28.g4 Rf7 29.f5 g5
30.Qd2 h6 31.h4 Qa4 32.hxg5 Qxg4 33.g6 Qh4+ 34.Kg2 Qg4+ 35.Kh2 Qh4+ 36.Kg2 Qg4+
37.Kh2 Rf8 38.Qxh6  1-0

[Event "BKL-Turnier"]
[Site "Leipzig"]
[Date "1979.??.??"]
[Round "9"]
[White "Boehnisch, Manfred"]
[Black "Boensch, Uwe"]
[Result "0-1"]
[WhiteElo "2365"]
[BlackElo "2460"]

1.e4 c5 2.Nf3 d6 3.Bb5+ Bd7 4.Bxd7+ Qxd7 5.O-O Nc6 6.c4 e5 7.Nc3 Nge7 8.a3 Ng6
9.d3 Be7 10.Nd5 O-O 11.Ne3 Nf4 12.g3 Ne6 13.Bd2 g6 14.b4 Bf6 15.Rb1 Bg7 16.Qa4 f5
17.exf5 gxf5 18.Nd5 Rae8 19.Kg2 f4 20.Rbe1 Qf7 21.Qd1 Qg6 22.Bc3 b6 23.Nh4 Qg5
24.Nf3 Qh6 25.Qa4 Ncd4 26.Bxd4 Nxd4 27.Nxd4 cxd4 28.Nxf4 Re7 29.Nd5 Ref7
30.Qc2 Kh8 31.b5 Rf3 32.Re4 Qh5 33.Qe2 Bh6 34.h3 Be3 35.Rg4 Rxf2+ 36.Rxf2 Rxf2+
37.Qxf2 Bxf2 38.Rg8+ Kxg8 39.Nf6+ Kf7 40.Nxh5 Be1 41.Kf1 Kg6 42.g4 Bh4 43.Ke2 Kf7
44.Kf3 Kg6 45.Ke4 Be1 46.a4 h6 47.c5 bxc5 48.Kd5 Kg5 49.Ke4 Kh4 50.Ng7 Kxh3
51.Nf5 d5+ 52.Kxe5 c4 53.Kxd4 c3 54.Ne3 Bf2 55.Kxc3 Bxe3 56.a5 Kxg4 57.b6 Bxb6  0-1

[Event "BKL-Turnier"]
[Site "Leipzig"]
[Date "1979.??.??"]
[Round "11"]
[White "Boehnisch, Manfred"]
[Black "Gross, Stefan"]
[Result "0-1"]
[WhiteElo "2365"]
[BlackElo "2355"]

1.e4 c5 2.Nf3 d6 3.Bb5+ Bd7 4.Bxd7+ Qxd7 5.O-O e6 6.c4 Nc6 7.d4 cxd4 8.Nxd4 Nf6
9.Nc3 Be7 10.b3 O-O 11.Bb2 b6 12.Re1 a6 13.h3 Rfe8 14.Qd2 Qb7 15.Rad1 Nxd4
16.Qxd4 b5 17.Re3 Rec8 18.cxb5 axb5 19.a4 bxa4 20.Nxa4 Ra5 21.Qd2 Raa8 22.Rg3 g6
23.Re1 Nxe4 24.Qd4 Nf6 25.Nb6 e5 26.Nxc8 exd4 27.Nxe7+ Kf8 28.Bxd4 Ne4 29.Rge3 f5
30.f3 Nc5 31.Bf6 f4 32.Rc3 Re8 33.Rc4 Nd3 34.Rd1 Qxb3 35.Rxd3 Qxc4 36.Rxd6 Qc5+  0-1

[Event "Lodz"]
[Site "Lodz"]
[Date "1979.??.??"]
[Round "11"]
[White "Balinas, Rosendo Carrean"]
[Black "Schinzel, Wladyslaw"]
[Result "1-0"]
[WhiteElo "2365"]
[BlackElo "2400"]

1.e4 c5 2.Nf3 d6 3.Bb5+ Nc6 4.O-O Bd7 5.Re1 Nf6 6.c3 a6 7.Bf1 Bg4 8.h3 Bxf3
9.Qxf3 g6 10.d3 Bg7 11.Bg5 O-O 12.Nd2 b5 13.Qf4 Ne8 14.Qh4 Nc7 15.f4 f6 16.Bh6 e5
17.Bxg7 Kxg7 18.f5 b4 19.Qg4 Rb8 20.Re3 Kh8 21.Be2 gxf5 22.Qxf5 bxc3 23.bxc3 d5
24.Rg3 Ne7 25.Qf1 Ne6 26.Nb3 Qb6 27.Kh2 f5 28.Qe1 f4 29.Rg4 d4 30.Qh4 Ng8
31.Rg6 dxc3 32.Bg4 Qd8 33.Qxd8 Nxd8 34.Rxa6 Rf6 35.Ra5 Rc6 36.Nxc5 Nf6 37.Bf5 Nb7
38.Nxb7 Rxb7 39.Rc1 c2 40.Ra8+ Kg7 41.Rc8 Rxc8 42.Bxc8 Rc7 43.Ba6 Rc3 44.Bb5 Nh5
45.Kg1 f3 46.gxf3 Nf4 47.Kf1 Nxd3 48.Bxd3 Rxd3 49.Kf2 Rc3 50.a4 Kf6 51.a5 Kg5
52.Kg3 Rc6 53.a6 Rxa6 54.Rxc2 Ra1 55.Rc5 Kf6 56.Rc6+ Kf7 57.Rh6 Kg7 58.Re6 Ra5
59.Kg4 Rb5 60.h4 Kf7 61.Rh6 Kg7 62.Rd6 Rb3 63.Re6 Rb5 64.h5 Ra5 65.Rd6 Ra3
66.Rd5 Kf6 67.Rd7 Ra1 68.Rxh7  1-0

[Event "Aaronson Masters"]
[Site "London"]
[Date "1979.??.??"]
[Round "1"]
[White "Bellin, Robert"]
[Black "Lind, Jan Olov"]
[Result "1-0"]
[WhiteElo "2425"]
[BlackElo "2355"]

1.e4 c5 2.Nf3 d6 3.Bb5+ Nc6 4.O-O Bd7 5.c3 Nf6 6.Qe2 e5 7.d4 Qc7 8.d5 Ne7
9.c4 Ng6 10.Nc3 Be7 11.Ne1 O-O 12.Bxd7 Nxd7 13.Nd3 Qd8 14.g3 Bg5 15.a3 Bxc1
16.Raxc1 a6 17.b4 b6 18.Qg4 Ne7 19.Qh3 Rc8 20.b5 a5 21.f4 exf4 22.gxf4 Ng6
23.Rce1 Re8 24.Re3 Rc7 25.Ne2 Nf6 26.Ng3 Rce7 27.Rfe1 h6 28.e5 dxe5 29.fxe5 Nh7
30.Nf5 Ra7 31.Qg4 Qg5 32.Qxg5 Nxg5 33.h4 Nh7 34.e6 fxe6 35.Rxe6 Rxe6 36.Rxe6 Rf7
37.Nxh6+ gxh6 38.Rxg6+ Rg7 39.Rxg7+ Kxg7 40.Kf2 Kf6 41.Kf3 Nf8 42.Kf4 h5
43.Ne5  1-0

[Event "Lloyds Bank op"]
[Site "London"]
[Date "1979.??.??"]
[Round "6"]
[White "Van Baarle, C John"]
[Black "Balinas, Rosendo Carrean"]
[Result "1-0"]
[WhiteElo "2325"]
[BlackElo "2365"]

1.e4 c5 2.Nf3 d6 3.Bb5+ Nd7 4.d4 Nf6 5.Nc3 cxd4 6.Qxd4 a6 7.Bxd7+ Bxd7 8.Bg5 Qa5
9.e5 dxe5 10.Nxe5 Be6 11.O-O-O Rd8 12.Qe3 Nd5 13.Nxd5 Bxd5 14.c4 Bxg2 15.Rxd8+ Qxd8
16.Rg1 Bc6 17.Qh3 Qc7 18.Rd1 f6 19.Bxf6 Bb5 20.b3 g6 21.Bxh8 Bxc4 22.bxc4  1-0

[Event "Aaronson Masters"]
[Site "London"]
[Date "1979.??.??"]
[Round "8"]
[White "King, Daniel J"]
[Black "Bellin, Robert"]
[Result "0-1"]
[WhiteElo "2265"]
[BlackElo "2425"]

1.e4 c5 2.Nf3 d6 3.Bb5+ Bd7 4.Bxd7+ Qxd7 5.O-O e6 6.c3 Nf6 7.e5 dxe5 8.Nxe5 Qc7
9.d4 Nbd7 10.Bf4 Nxe5 11.Bxe5 Qc6 12.Nd2 Be7 13.dxc5 Nd7 14.Bd6 Bxd6 15.cxd6 Qxd6
16.Ne4 Qxd1 17.Rfxd1 Ke7 18.Rd2 Rhd8 19.Rad1 f6 20.Nd6 Rab8 21.c4 a5 22.b3 Nc5
23.f4 Rd7 24.Nb5 Rbd8 25.Rxd7+ Rxd7 26.Rxd7+ Kxd7 27.Nc3 Nd3 28.g3 f5 29.Kf1 e5
30.fxe5 Ke6 31.Ke2 Nc5 32.Ke3 Kxe5 33.h4 g6 34.Ne2 Ne4 35.Kd3 h6 36.Nf4 g5
37.hxg5 hxg5 38.Ne2 f4 39.gxf4+ gxf4 40.Nd4 Nc5+ 41.Kc3 Ke4 42.a3 b6 43.Ne2 Ke3
44.Ng1 Ne4+ 45.Kc2 Ng5 46.Kd1 f3 47.Nxf3 Nxf3 48.b4 axb4 49.axb4 Nd4  0-1

[Event "Lone Pine op"]
[Site "Lone Pine"]
[Date "1979.??.??"]
[Round "9"]
[White "Whitehead, Jay E"]
[Black "Youngworth, Perry"]
[Result "0-1"]
[WhiteElo "2235"]
[BlackElo "2275"]

1.e4 c5 2.Nf3 d6 3.Bb5+ Nc6 4.O-O Bd7 5.c3 Nf6 6.Re1 a6 7.Ba4 b5 8.Bc2 Bg4
9.h3 Bxf3 10.Qxf3 g6 11.d3 Bg7 12.Be3 O-O 13.Nd2 Nd7 14.Rac1 Nb6 15.Qd1 Qb8
16.Nf3 Rc8 17.h4 a5 18.Ng5 a4 19.a3 h6 20.Nh3 b4 21.Qd2 Kh7 22.h5 Ne5 23.hxg6+ fxg6
24.Nf4 Ng4 25.d4 e5 26.dxe5 Bxe5 27.cxb4 cxb4 28.Bxb6 Qxb6 29.Nd5 Qd4 30.Qe2 h5
31.Nxb4 Nxf2 32.Qe3 Ng4 33.Qxd4 Bxd4+ 34.Kh1 Bxb2 35.Rb1 Bxa3 36.Bd1 Bxb4
37.Bxg4 Rcb8  0-1

[Event "Lone Pine op"]
[Site "Lone Pine"]
[Date "1979.??.??"]
[Round "9"]
[White "Van der Sterren, Paul"]
[Black "Weinstein, Norman"]
[Result "1/2-1/2"]
[WhiteElo "2400"]
[BlackElo "2465"]

1.e4 c5 2.Nf3 d6 3.Bb5+ Bd7 4.Bxd7+ Qxd7 5.O-O Nc6 6.c4 g6 7.d4 cxd4 8.Nxd4 Bg7
9.Be3 Nf6 10.f3 O-O 11.Nc3 Rac8 12.b3 Rfd8 13.Qd2 e6 14.Rac1 d5 15.exd5 exd5
16.Nxc6  1/2-1/2

[Event "Munich"]
[Site "Munich"]
[Date "1979.??.??"]
[Round "?"]
[White "Lieb, Harald"]
[Black "Andersson, Ulf"]
[Result "0-1"]
[WhiteElo "2200"]
[BlackElo "2560"]

1.e4 c5 2.Nf3 d6 3.Bb5+ Bd7 4.Bxd7+ Qxd7 5.O-O e6 6.c3 Nf6 7.Re1 Nc6 8.d4 cxd4
9.cxd4 d5 10.e5 Ne4 11.Nbd2 Nxd2 12.Bxd2 Be7 13.Bg5 O-O 14.Bxe7 Nxe7 15.Re3 Rfc8
16.Rc1 h6 17.h3 Rc4 18.b3 Rc6 19.Rec3 Rac8 20.Qd3 a6 21.Kf1 R8c7 22.Ke1 Qc8
23.Rxc6 Rxc6 24.Rxc6 Nxc6 25.a3 Na5 26.Kd1 Qf8 27.b4 Nc4 28.Qb3 Qe8 29.Nd2 Qb5
30.Ke1 Qc6 31.a4 Nb6 32.b5 Qc1+ 33.Ke2 a5 34.Nb1 Qh1 35.Kf3 Nc4 36.Kg3 Qc1
37.h4 g5 38.hxg5 hxg5 39.Kh2 Kg7 40.Qd3 Nb2 41.Qf3 Qxb1 42.Qf6+ Kg8 43.Qxg5+ Qg6
44.Qd8+ Kg7 45.g3 Nc4 46.b6 Qf5 47.f4 Ne3 48.Kg1 Qg6 49.Kf2 Nf5  0-1

[Event "Marshall op"]
[Site "New York"]
[Date "1979.??.??"]
[Round "2"]
[White "Wilder, Michael"]
[Black "Meyer, J."]
[Result "0-1"]
[WhiteElo "2255"]
[BlackElo "2365"]

1.e4 c5 2.Nf3 d6 3.Bb5+ Bd7 4.Bxd7+ Nxd7 5.O-O Ngf6 6.Qe2 e6 7.c3 Be7 8.d4 cxd4
9.cxd4 O-O 10.Nc3 Rc8 11.Re1 Re8 12.Bf4 Nb6 13.Rad1 d5 14.e5 Nfd7 15.Rd3 Rc6
16.h4 Bxh4 17.Nxh4 Qxh4 18.Bd2 Nc8 19.f4 f5 20.Rh3 Qe7 21.g4 a6 22.Kh1 Qf7
23.Rg1 Nf8 24.Nd1 fxg4 25.Qxg4 Ne7 26.Bb4 Nf5 27.Bxf8 Rxf8 28.Rh5 Nxd4 29.Qh3 g6
30.Ne3 Qg7 31.Qg2 Kh8 32.Rh3 Rxf4 33.Ng4 Rc2 34.Qg3 Ne2 35.Qh4 Nxg1 36.Qd8+ Rf8  0-1

[Event "Rubinstein mem"]
[Site "Polanica Zdroj"]
[Date "1979.??.??"]
[Round "3"]
[White "Spiridonov, Nikola"]
[Black "Arnason, Jon L"]
[Result "1/2-1/2"]
[WhiteElo "2440"]
[BlackElo "2410"]

1.e4 c5 2.Nf3 d6 3.Bb5+ Nc6 4.O-O Bd7 5.Re1 Nf6 6.c3 a6 7.Ba4 e5 8.d4 b5
9.Bb3 Be7 10.dxc5 dxc5 11.Nbd2 c4 12.Bc2 h6 13.Nf1 O-O 14.Ne3 Be6 15.Qe2 Qb6
16.Nf5 Bxf5 17.exf5 Bc5 18.Nd2 Rad8 19.Ne4 Nxe4 20.Bxe4  1/2-1/2

[Event "Rubinstein mem"]
[Site "Polanica Zdroj"]
[Date "1979.??.??"]
[Round "14"]
[White "Borkowski, Franciszek"]
[Black "Adamski, Jan"]
[Result "0-1"]
[WhiteElo "2395"]
[BlackElo "2415"]

1.e4 c5 2.Nf3 d6 3.Bb5+ Nc6 4.d4 cxd4 5.Qxd4 Bd7 6.Bxc6 Bxc6 7.Nc3 Nf6 8.Bg5 e6
9.O-O-O Be7 10.Rhe1 O-O 11.Qd2 h6 12.Bf4 e5 13.Bg3 b5 14.Kb1 b4 15.Nd5 Bxd5
16.exd5 Qb6 17.Nh4 Nh5 18.Nf5 Bg5 19.Qe2 g6 20.h4 Bf4 21.Qf3 Kh7 22.Bxf4 Nxf4
23.g3 Nh5 24.g4 Nf4 25.Ng3 Rac8 26.h5 Rc3 27.Re3 Rfc8 28.hxg6+ fxg6 29.Ne2 R3c4
30.Rh1 Qc5 31.Nxf4 Rxf4 32.Qd1 Rxf2 33.Reh3 Qxc2+ 34.Qxc2 Rcxc2 35.Rxh6+ Kg7
36.g5 Rxb2+ 37.Kc1 Rxa2 38.Rh7+ Kf8 39.Kb1 b3 40.Rb7 Rfb2+ 41.Kc1 Rc2+ 42.Kb1 Rab2+
43.Ka1 Rh2 44.Rf1+ Rbf2 45.Re1 Ra2+ 46.Kb1 Rab2+ 47.Ka1 a5 48.Rd7 a4 49.Rxd6 a3
50.Rf1+ Rbf2 51.Rf6+ Rxf6  0-1

[Event "Regency Masters A"]
[Site "Ramsgate"]
[Date "1979.??.??"]
[Round "8"]
[White "Kaiszauri, Konstanty"]
[Black "Plaskett, Jim"]
[Result "0-1"]
[WhiteElo "2405"]
[BlackElo "2410"]

1.e4 c5 2.Nf3 d6 3.Bb5+ Bd7 4.Bxd7+ Qxd7 5.c4 Nc6 6.O-O e5 7.Nc3 g6 8.Nd5 Bg7
9.Qa4 Rb8 10.a3 Nge7 11.b4 Nxd5 12.cxd5 Nd4 13.Qxa7 O-O 14.bxc5 Nxf3+ 15.gxf3 Qh3
16.cxd6 f5 17.Re1 g5 18.Qe3 fxe4 19.fxe4 Rf3 20.Qe2 Rbf8 21.Qf1 Qh4 22.Re2 Rh3
23.Qg2 Rf4 24.d7 Bf6 25.Bb2 Rg4 26.Bxe5 Rxg2+ 27.Kxg2 Qg4+ 28.Kf1 Qxd7 29.Bxf6 Rxh2
30.Re3 Qg4 31.Rg3 Qf4 32.Bd4 Qxe4 33.Rxg5+ Kf7 34.Be3 Rh1+ 35.Rg1 Qc4+ 36.Kg2 Qg4+  0-1

[Event "Reggio Emilia"]
[Site "Reggio Emilia"]
[Date "1979.??.??"]
[Round "?"]
[White "Cappello, Renato"]
[Black "Danner, Georg"]
[Result "1/2-1/2"]
[WhiteElo "2405"]
[BlackElo "2335"]

1.e4 c5 2.Nf3 d6 3.Bb5+ Bd7 4.a4 Nf6 5.Qe2 e6 6.c3 a6 7.Bxd7+ Qxd7 8.O-O Nc6
9.d4 cxd4 10.cxd4 d5 11.e5 Ne4 12.Be3 Be7 13.Ne1 f6 14.f3 Ng5 15.Qd2 Nf7
16.f4 O-O 17.Nf3 Nh6 18.h3 Nf5 19.Bf2 fxe5 20.fxe5 Qe8 21.Na3 Qg6 22.Nc2 Ng3
23.Bxg3 Qxg3 24.b4 a5 25.b5 Nb4 26.Rac1 Rf7 27.Nxb4 Bxb4 28.Qe2 Raf8 29.b6 Qg6
30.Rc7 h6 31.Rxf7 Qxf7 32.Rc1 Qd7 33.Rc7 Qxa4 34.Rxb7 Qc6 35.Qa6 Qc1+ 36.Qf1 Qc6
37.Qa6 Qc1+ 38.Qf1 Qc6 39.Qa6  1/2-1/2

[Event "Sao Paulo"]
[Site "Sao Paulo"]
[Date "1979.??.??"]
[Round "?"]
[White "Rocha, Antonio"]
[Black "Stean, Michael"]
[Result "1/2-1/2"]
[WhiteElo "2365"]
[BlackElo "2540"]

1.e4 c5 2.Nf3 d6 3.Bb5+ Bd7 4.Bxd7+ Nxd7 5.O-O Ngf6 6.Qe2 e6 7.Nc3 Be7 8.e5 dxe5
9.Nxe5 Nxe5 10.Qxe5 O-O 11.d3 Qb6 12.Qe2 Rfd8 13.b3 Qc6 14.a4 Rd7 15.Bb2 Rad8
16.Rae1 Bf8 17.Ne4 Nd5 18.f4 Ne7 19.g4 Rd5 20.Nc3 R5d7 21.Ne4  1/2-1/2

[Event "SWE-ch"]
[Site "?"]
[Date "1979.??.??"]
[Round "?"]
[White "Hammar, Bengt"]
[Black "Lind, Jan Olov"]
[Result "1/2-1/2"]
[WhiteElo "2385"]
[BlackElo "2355"]

1.e4 c5 2.Nf3 d6 3.Bb5+ Nc6 4.O-O Bd7 5.Re1 a6 6.Bf1 Bg4 7.c3 Nf6 8.d4 cxd4
9.cxd4 d5 10.exd5 Nxd5 11.Nc3 e6 12.h3 Bh5 13.g4 Bg6 14.Nxd5 Qxd5 15.Bg2 Bb4
16.Ne5 Qb5 17.Bd2 O-O 18.Nxc6 bxc6 19.Rc1 Rac8 20.Bf1 Qa5 21.Re5 Qb6 22.Bxb4 Qxb4
23.b3 Rcd8 24.Rc4 Qb8 25.Qe1 Rd6 26.Ra4 Rfd8 27.Qe3 h5 28.Bxa6 hxg4 29.hxg4 Qb6
30.Rc5 Ra8 31.Bb5 Rxa4 32.Bxa4 Qd8 33.Bxc6 Rxd4 34.Bf3 Rd3 35.Qf4 Qh4 36.Kg2 Kh7
37.Rc1 Qd8 38.Rh1+ Kg8 39.Qh2 f6 40.Qh8+ Kf7 41.Qxd8 Rxd8 42.Rd1 Bd3 43.Be2 Be4+
44.f3 Bd5 45.Kf2 Ra8 46.Rd2 Rh8 47.Bd1 g5 48.a4 Rb8 49.Rb2 Rb4 50.Ke3 Ke7
51.a5 Kd6 52.a6 Kc7 53.Ra2 Kb8 54.Ra3 Ka7 55.Bc2 Rf4 56.Bd1 Rb4 57.Ra2 Rb6
58.Ra3 Rb4 59.Ra1  1/2-1/2

[Event "SWE-ch"]
[Site "?"]
[Date "1979.??.??"]
[Round "?"]
[White "Olsson, Ake"]
[Black "Hammar, Bengt"]
[Result "1/2-1/2"]
[WhiteElo "2200"]
[BlackElo "2385"]

1.e4 c5 2.Nf3 d6 3.Bb5+ Bd7 4.Bxd7+ Qxd7 5.c4 Nc6 6.Nc3 Nf6 7.d3 g6 8.a3 Bg7
9.Rb1 O-O 10.O-O Ng4 11.h3 Nge5 12.Ne1 f5 13.f4 Nf7  1/2-1/2

[Event "SWE-ch"]
[Site "?"]
[Date "1979.??.??"]
[Round "?"]
[White "Kaiszauri, Konstanty"]
[Black "Ekstroem, Roland"]
[Result "0-1"]
[WhiteElo "2405"]
[BlackElo "2385"]

1.e4 c5 2.Nf3 d6 3.Bb5+ Bd7 4.Bxd7+ Qxd7 5.c4 Nc6 6.O-O g6 7.d4 cxd4 8.Nxd4 Bg7
9.Be3 Nf6 10.f3 O-O 11.Nc3 Rfc8 12.Nde2 Qd8 13.Qd2 a6 14.Kh1 Rab8 15.Nf4 Ne5
16.b3 Nfd7 17.Ba7 Ra8 18.Bd4 Nxc4 19.bxc4 e5 20.Be3 exf4 21.Bxf4 Rxc4 22.Rac1 Rac8
23.Nd5 Rxc1 24.Rxc1 Rxc1+ 25.Qxc1 Nc5 26.Qd2 Be5 27.Bxe5 dxe5 28.Qc3 Qd6
29.h3 b5 30.Qd2 Kg7 31.Qc3 h6 32.Qd2 Nd7 33.Qa5 Nf6 34.Nc7 Qc6 35.Nxa6 Nh5
36.Nc7 Nf4 37.Nd5 Nxd5 38.exd5 Qxd5 39.Kh2 Qc4 40.a3 h5 41.Qa8 Kf6 42.Qd8+ Ke6
43.Qe8+ Kd6 44.Qf8+ Kd7 45.Kh1 Qd5 46.Kh2 Kc7 47.Qb4 Kd7 48.Qa5 Qc4 49.Qa8 Qc6
50.Qb8 e4 51.Qg8 Ke7 52.Qh8 Qd6+ 53.Kg1 exf3  0-1

[Event "CSR-ch"]
[Site "Trencianske Teplice"]
[Date "1979.??.??"]
[Round "11"]
[White "Dobosz, Henryk"]
[Black "Ftacnik, Lubomir"]
[Result "1-0"]
[WhiteElo "2380"]
[BlackElo "2430"]

1.e4 c5 2.Nf3 d6 3.Bb5+ Nd7 4.d4 Nf6 5.e5 Qa5+ 6.Nc3 Ne4 7.Bd2 Nxc3 8.Bxd7+ Bxd7
9.Bxc3 Qa6 10.d5 Bg4 11.h3 Bh5 12.exd6 exd6 13.g4 Bg6 14.Nh4 Kd7 15.Nf5 Bxf5
16.gxf5 Re8+ 17.Kd2 Qc4 18.Qf3 Re4 19.Rad1 Rf4 20.Qg2 Rxf5 21.Kc1 h5 22.Rhe1 Rh6
23.Re4 Rg6 24.Qh1 Qxa2 25.b3 Qa6 26.f4 Rg3 27.Qe1 Rg2 28.Rd3 g5 29.Re8 Rg1
30.Qxg1 Kxe8 31.fxg5 Be7 32.g6 Rg5 33.Qe1 Qa3+ 34.Kb1 Kd7 35.gxf7 c4 36.Re3 Bf8
37.Bb4 Qa6 38.Re8 cxb3 39.Qe6+ Kc7 40.Re7+ Kb6 41.Qxd6+ Kb5 42.Qc5+  1-0

[Event "Tirnavia-A"]
[Site "Trnava"]
[Date "1979.??.??"]
[Round "10"]
[White "Bohosjan, Sarkis"]
[Black "Kovacs, Laszlo M"]
[Result "1-0"]
[WhiteElo "2410"]
[BlackElo "2430"]

1.e4 c5 2.Nf3 d6 3.Bb5+ Nc6 4.O-O Bd7 5.Re1 Nf6 6.c3 e6 7.d4 cxd4 8.cxd4 a6
9.Bf1 d5 10.e5 Ng8 11.Nc3 Nge7 12.Bd3 Ng6 13.g3 Qc7 14.Bg5 Be7 15.Bxe7 Ngxe7
16.Rc1 h6 17.Na4 O-O 18.Bb1 b6 19.Qd3 g6 20.Qd2 Kh7 21.h4 Qd8 22.h5 Nf5 23.Nc3 Be8
24.Kg2 Kg7 25.hxg6 fxg6 26.Rh1 Rh8 27.g4 Nfe7 28.Ne2 Rc8 29.Rh2 Bf7 30.Rch1 Ng8
31.Ng5 Qe7 32.Rh3 Rf8 33.Qc1 Rc8 34.Nxf7 Qxf7 35.Rf3 Qe8 36.Qd2 Nd8 37.Nf4 Ne7
38.Bxg6  1-0

[Event "Tirnavia-A"]
[Site "Trnava"]
[Date "1979.??.??"]
[Round "13"]
[White "Plachetka, Jan"]
[Black "Pavlov, Mircea"]
[Result "1/2-1/2"]
[WhiteElo "2445"]
[BlackElo "2410"]

1.e4 c5 2.Nf3 d6 3.Bb5+ Bd7 4.Bxd7+ Qxd7 5.O-O Nf6 6.Nc3 Nc6 7.d4 cxd4 8.Nxd4 g6
9.Bg5 Bg7 10.Nde2 O-O 11.Qd2 Rac8 12.Rad1 Qd8 13.Ng3  1/2-1/2

[Event "URS Spartakiad"]
[Site "URS"]
[Date "1979.??.??"]
[Round "?"]
[White "Mamatov, Dair"]
[Black "Kaiumov, Dmitry D"]
[Result "1/2-1/2"]
[WhiteElo "2200"]
[BlackElo "2200"]

1.e4 c5 2.Nf3 d6 3.Bb5+ Bd7 4.Bxd7+ Qxd7 5.O-O Nc6 6.c4 Nf6 7.Nc3 e6 8.d4 cxd4
9.Nxd4 Be7 10.b3 O-O 11.Bb2 Rfd8 12.Nc2 d5 13.exd5 exd5 14.cxd5 Nxd5 15.Nxd5 Qxd5
16.Qxd5 Rxd5 17.Rfd1 Rad8 18.Rxd5 Rxd5 19.Ne3 Rd2 20.Nc4 Rc2 21.Rc1 Rxc1+
22.Bxc1 f5 23.Bf4 Kf7 24.Nd6+ Bxd6 25.Bxd6 Ke6 26.Bf8 g6 27.Kf1 Kd5 28.Ke2 b5
29.h3 a6 30.Kd3 Ne5+ 31.Ke3 Nc6 32.Kd3 Ne5+  1/2-1/2